[Event "Suecia ch 2007 SM-gruppen"]
[Site "Stockholm SWE"]
[Date "2007.07.06"]
[Round "7"]
[White "Brynell, Stellan"]
[Black "Karlsson, Lars"]
[Result "1/2-1/2"]
[PlyCount "32"]
[EventDate "2007.06.30"]
[EventType "tourn"]
[EventRounds "13"]
[EventCountry "SWE"]
[Source "lmi"]
[SourceDate "2007.06.30"]
[WhiteElo "2459"]
[BlackElo "2493"]

1. d4 e6 2. Nf3 f5 3. g3 Nf6 4. Bg2 d5 5. c4 c6 6. O-O Bd6 7. b3 Qe7 8. a4 O-O
9. Ba3 Bd7 10. Bxd6 Qxd6 11. c5 Qe7 12. b4 Be8 13. Ne5 Nbd7 14. Nxd7 Nxd7 15.
f4 b6 16. a5 b5 1/2-1/2

[Event "Suecia ch 2007 SM-gruppen"]
[Site "Stockholm SWE"]
[Date "2007.07.06"]
[Round "7"]
[White "Hillarp Persson, Tiger"]
[Black "Cramling, Pia"]
[Result "1/2-1/2"]
[PlyCount "39"]
[EventDate "2007.06.30"]
[EventType "tourn"]
[EventRounds "13"]
[EventCountry "SWE"]
[Source "lmi"]
[SourceDate "2007.06.30"]
[WhiteElo "2567"]
[BlackElo "2533"]

1. d4 d5 2. c4 c6 3. Nf3 Nf6 4. e3 Bg4 5. Nc3 e6 6. h3 Bxf3 7. Qxf3 Nbd7 8. Bd3
Bb4 9. a3 Ba5 10. O-O O-O 11. Rd1 Qe7 12. b4 Bc7 13. cxd5 cxd5 14. e4 dxe4 15.
Nxe4 h6 16. Ra2 Rac8 17. Re2 Rfd8 18. Bb2 Nd5 19. g3 N7f6 20. Rde1 1/2-1/2

[Event "Suecia ch 2007 Mästare Elit"]
[Site "Stockholm SWE"]
[Date "2007.07.06"]
[Round "7"]
[White "Hedman, Erik"]
[Black "Tikkanen, Hans"]
[Result "1/2-1/2"]
[PlyCount "57"]
[EventDate "2007.06.30"]
[EventType "tourn"]
[EventRounds "13"]
[EventCountry "SWE"]
[Source "lmi"]
[SourceDate "2007.06.30"]
[WhiteElo "2346"]
[BlackElo "2394"]

1. e4 e5 2. Nf3 Nc6 3. Bb5 a6 4. Ba4 Nf6 5. O-O Nxe4 6. d4 b5 7. Bb3 d5 8. dxe5
Be6 9. Nbd2 Be7 10. Nxe4 dxe4 11. Bxe6 fxe6 12. Ng5 Qd5 13. Qh5+ g6 14. Qg4
Bxg5 15. Bxg5 Nxe5 16. Qg3 Nf7 17. Be3 e5 18. Rfd1 Qc6 19. Rd2 O-O 20. Rad1
Rae8 21. b4 Nd6 22. Bc5 Rf7 23. Rd5 Nc4 24. Qh4 Rf4 25. Qh6 Rf7 26. Qh4 Nb2 27.
R1d2 Nc4 28. Rd1 Nb2 29. R1d2 1/2-1/2

[Event "Suecia ch 2007 Mästare Elit"]
[Site "Stockholm SWE"]
[Date "2007.07.06"]
[Round "7"]
[White "Rosberg, Simon"]
[Black "Logdahl, Harald"]
[Result "1/2-1/2"]
[PlyCount "95"]
[EventDate "2007.06.30"]
[EventType "tourn"]
[EventRounds "13"]
[EventCountry "SWE"]
[Source "lmi"]
[SourceDate "2007.06.30"]
[WhiteElo "2205"]
[BlackElo "2250"]

1. d4 d5 2. c4 Nc6 3. Nf3 Bg4 4. Nc3 e6 5. cxd5 exd5 6. Bf4 Bxf3 7. gxf3 Bd6 8.
Nxd5 Bxf4 9. Nxf4 Qxd4 10. Qxd4 Nxd4 11. O-O-O Rd8 12. e3 Ne6 13. Rxd8+ Kxd8
14. Nxe6+ fxe6 15. Rg1 g6 16. Rg4 Nf6 17. Rb4 Kc8 18. Bh3 Re8 19. Rf4 Nd7 20.
Rf7 Ne5 21. Rxh7 Nxf3 22. Bg4 Ne5 23. Be2 Kd8 24. f4 Nd7 25. Bb5 Re7 26. Rh8+
Re8 27. Rh7 Re7 28. Rh8+ Re8 29. Rh3 e5 30. Bd3 exf4 31. exf4 Nf8 32. Kd2 Ke7
33. Re3+ Kf7 34. Rxe8 Kxe8 35. f5 g5 36. Ke3 Ke7 37. Kd4 Nd7 38. b4 Kf6 39. Be4
c6 40. a4 Ne5 41. h3 Nf7 42. a5 Nd6 43. a6 bxa6 44. Bxc6 Kxf5 45. Kd5 Ne4 46.
Bd7+ Kf4 47. Kc6 Nc3 48. Kb7 1/2-1/2

[Event "Suecia ch 2007 Mästare Elit"]
[Site "Stockholm SWE"]
[Date "2007.07.06"]
[Round "7"]
[White "Couso, Luis"]
[Black "Welin, Mats"]
[Result "1-0"]
[PlyCount "87"]
[EventDate "2007.06.30"]
[EventType "tourn"]
[EventRounds "13"]
[EventCountry "SWE"]
[Source "lmi"]
[SourceDate "2007.06.30"]
[WhiteElo "2358"]
[BlackElo "2195"]

1. e4 e5 2. Nf3 Nc6 3. Bb5 a6 4. Ba4 Nf6 5. O-O Be7 6. Re1 b5 7. Bb3 d6 8. c3
O-O 9. h3 Na5 10. Bc2 c5 11. d4 Qc7 12. Nbd2 Rd8 13. d5 c4 14. Nf1 Nb7 15. g4
h5 16. N3h2 hxg4 17. hxg4 Nh7 18. Ng3 g6 19. Kg2 Bf6 20. Rh1 Kg7 21. Be3 Rh8
22. Qd2 Qe7 23. Rag1 Bd7 24. Nf5+ gxf5 25. Bh6+ Kg8 26. gxf5 Bg5 27. Kf1 f6 28.
Qe2 Nd8 29. f4 exf4 30. Nf3 Nf7 31. Nd4 Nxh6 32. Rxh6 Nf8 33. Rxh8+ Kxh8 34.
Ne6 Bxe6 35. fxe6 Ra7 36. e5 dxe5 37. Qh5+ Kg8 38. Rh1 Qg7 39. Qe8 Qe7 40. Bh7+
Kg7 41. Qh5 f5 42. Bxf5 Kf6 43. Be4 Qd8 44. Rg1 1-0

[Event "Suecia ch 2007 Mästare Elit"]
[Site "Stockholm SWE"]
[Date "2007.07.06"]
[Round "7"]
[White "Janse, Love"]
[Black "Marttala, Thomas"]
[Result "1/2-1/2"]
[PlyCount "150"]
[EventDate "2007.06.30"]
[EventType "tourn"]
[EventRounds "13"]
[EventCountry "SWE"]
[Source "lmi"]
[SourceDate "2007.06.30"]
[WhiteElo "2090"]
[BlackElo "2271"]

1. e4 c5 2. f4 g6 3. Nf3 Bg7 4. Nc3 Nc6 5. Bb5 Nd4 6. Nxd4 cxd4 7. Ne2 Qb6 8.
Bc4 e6 9. Bb3 Ne7 10. d3 O-O 11. O-O f5 12. Kh1 Nc6 13. Bd2 d6 14. Qe1 Kh8 15.
exf5 gxf5 16. Ng3 Bd7 17. Nh5 Bh6 18. Rf3 Qd8 19. Rh3 Rg8 20. Qf2 Rg6 21. Re1
Qf8 22. c3 Qf7 23. cxd4 d5 24. Ba4 Bf8 25. Bxc6 Bxc6 26. Ng3 Bd6 27. Ne2 Rag8
28. Ng1 Qg7 29. Re2 Bb5 30. Rhe3 Qh6 31. Nh3 Bd7 32. Kg1 Rg4 33. Rf3 Qh5 34.
Ng5 R8xg5 35. fxg5 Qxh2+ 36. Kf1 Qh1+ 37. Qg1 Qxg1+ 38. Kxg1 Kg8 39. Be3 Bb5
40. Bf2 Bd7 41. g3 Rxg5 42. Kh2 Kf7 43. Be3 Rg4 44. Bf4 Be7 45. Kg1 h5 46. Rh2
Kg6 47. Kf2 Bf6 48. Be5 Bg5 49. Ke2 Be8 50. Kd1 Ba4+ 51. b3 Bc6 52. Rf1 Be3 53.
Rh4 Bg5 54. Rh3 Be3 55. Re1 Bxd4 56. Bxd4 Rxd4 57. Rxe6+ Kg5 58. Kd2 Bb5 59.
Re3 Rg4 60. a4 Bc6 61. Re7 Kg6 62. Rc7 d4 63. Rc8 f4 64. gxf4 Rxf4 65. Rh2 h4
66. Ra8 a6 67. Rh8 Kg5 68. Rh7 Rg4 69. Rf2 Kg6 70. Rh8 Kg7 71. Rd8 h3 72. Ke2
Bg2 73. Rd7+ Kg6 74. Rd8 Kg5 75. Rh8 Kg6 1/2-1/2

[Event "Suecia ch 2007 Mästare Elit"]
[Site "Stockholm SWE"]
[Date "2007.07.06"]
[Round "7"]
[White "Glimbrant, Torbjorn"]
[Black "Akesson, Joel"]
[Result "0-1"]
[PlyCount "66"]
[EventDate "2007.06.30"]
[EventType "tourn"]
[EventRounds "13"]
[EventCountry "SWE"]
[Source "lmi"]
[SourceDate "2007.06.30"]
[WhiteElo "2282"]
[BlackElo "2326"]

1. e4 e6 2. d4 d5 3. Nc3 Bb4 4. e5 Ne7 5. a3 Bxc3+ 6. bxc3 c5 7. Qg4 O-O 8. Nf3
Nbc6 9. Bd3 f5 10. exf6 Rxf6 11. Bg5 e5 12. Qh4 e4 13. Bxf6 gxf6 14. Qxf6 exd3
15. cxd3 cxd4 16. Nxd4 Nxd4 17. Qxd4 Nc6 18. Qe3 d4 19. cxd4 Qa5+ 20. Qd2 Qd5
21. Qa2 Be6 22. Qxd5 Bxd5 23. Kd2 Nxd4 24. Kc3 Ne2+ 25. Kb4 Nf4 26. f3 Rc8 27.
Rad1 Rc2 28. g3 Ne2 29. f4 b6 30. Rhe1 Nc3 31. a4 a5+ 32. Ka3 Nb5+ 33. axb5
Ra2# 0-1

[Event "Suecia ch 2007 Mästare Elit"]
[Site "Stockholm SWE"]
[Date "2007.07.06"]
[Round "7"]
[White "Semcesen, Daniel"]
[Black "Johansson, Gunnar"]
[Result "1/2-1/2"]
[PlyCount "54"]
[EventDate "2007.06.30"]
[EventType "tourn"]
[EventRounds "13"]
[EventCountry "SWE"]
[Source "lmi"]
[SourceDate "2007.06.30"]
[WhiteElo "2348"]
[BlackElo "2272"]

1. d4 d5 2. c4 c6 3. Nf3 Nf6 4. Qc2 g6 5. Bf4 Bg7 6. e3 O-O 7. Nc3 Na6 8. a3 c5
9. Be2 cxd4 10. exd4 dxc4 11. Bxc4 Bg4 12. Rd1 Rc8 13. Qb3 Qb6 14. Rd2 Bxf3 15.
gxf3 Qc6 16. Be2 e6 17. Be5 Nc7 18. O-O Ncd5 19. Ne4 Rfd8 20. Bg3 Nh5 21. Nc5
Nxg3 22. hxg3 b6 23. Ne4 Bh6 24. Bb5 Qb7 25. Rdd1 Bg7 26. Qa4 a5 27. Rd3 Qe7
1/2-1/2

[Event "Suecia ch 2007 Junior-SM"]
[Site "Stockholm SWE"]
[Date "2007.07.06"]
[Round "6"]
[White "Tadjerbashi, Amir"]
[Black "Nithander, Victor"]
[Result "0-1"]
[PlyCount "76"]
[EventDate "2007.06.30"]
[EventType "tourn"]
[EventRounds "13"]
[EventCountry "SWE"]
[Source "lmi"]
[SourceDate "2007.06.30"]
[WhiteElo "2182"]
[BlackElo "2357"]

1. e4 c5 2. Nf3 d6 3. d4 cxd4 4. Nxd4 Nf6 5. Nc3 g6 6. g3 Bd7 7. Bg2 Nc6 8.
Nde2 Qc8 9. h3 Bg7 10. Be3 O-O 11. Qd2 b5 12. Rc1 Qa6 13. b3 Rac8 14. O-O Nb4
15. Bd4 Rfd8 16. Rfd1 Be8 17. Nd5 Nbxd5 18. exd5 b4 19. c4 bxc3 20. Rxc3 Rxc3
21. Bxc3 Qb6 22. g4 Rc8 23. g5 Nh5 24. Bxg7 Nxg7 25. Nd4 Rc5 26. Nc6 Nf5 27. b4
Rxc6 28. dxc6 Bxc6 29. Bxc6 Qxc6 30. Rc1 Qe4 31. Re1 Qf3 32. Rc1 e5 33. Qc3 Qf4
34. Kh1 Qxf2 35. Rg1 Kg7 36. Rg2 Qf1+ 37. Kh2 Qf4+ 38. Kh1 Ne3 0-1

[Event "Suecia ch 2007 Junior-SM"]
[Site "Stockholm SWE"]
[Date "2007.07.06"]
[Round "7"]
[White "Andersson, Alexis"]
[Black "Wickstrom, Lucas"]
[Result "1-0"]
[PlyCount "117"]
[EventDate "2007.06.30"]
[EventType "tourn"]
[EventRounds "13"]
[EventCountry "SWE"]
[Source "lmi"]
[SourceDate "2007.06.30"]
[WhiteElo "2055"]
[BlackElo "2139"]

1. d4 Nf6 2. c4 e6 3. Nf3 c5 4. d5 b5 5. dxe6 fxe6 6. cxb5 d5 7. Bg5 Nbd7 8. e3
Bb7 9. Bd3 Bd6 10. Nc3 O-O 11. O-O Qe8 12. h3 Qh5 13. Bxf6 Rxf6 14. Nh2 Qg5 15.
f4 Qg3 16. Qe1 Qxe1 17. Raxe1 h5 18. Nf3 e5 19. fxe5 Nxe5 20. Be2 Re8 21. Nxe5
Rxf1+ 22. Kxf1 Rxe5 23. Bf3 Kf7 24. h4 Be7 25. g3 Ke6 26. Kf2 Bd6 27. Ne2 Rf5
28. Nf4+ Ke7 29. Ke2 Be5 30. b3 a6 31. Ng6+ Kf6 32. Nxe5 Kxe5 33. Rc1 Kd6 34.
bxa6 Bxa6+ 35. Kf2 Bd3 36. Kg2 Re5 37. Kf2 Rf5 38. Kg2 Re5 39. Re1 c4 40. bxc4
dxc4 41. Kf2 Kc5 42. a3 c3 43. Rc1 Kc4 44. Be2 Rb5 45. Ke1 Rb2 46. Bxh5 Rg2 47.
Bf7+ Kb5 48. Rxc3 Be4 49. Be8+ Kb6 50. Rc4 Bf3 51. Rf4 Re2+ 52. Kf1 Rxe3 53.
Kf2 Rxa3 54. Rxf3 Rxf3+ 55. Kxf3 Kc7 56. Kf4 Kd8 57. Ba4 Ke7 58. Kg5 Kf8 59.
Bb3 1-0

[Event "Suecia ch 2007 Junior-SM"]
[Site "Stockholm SWE"]
[Date "2007.07.06"]
[Round "7"]
[White "Zadruzny, Nicolaj"]
[Black "Kockum, Anton Frisk"]
[Result "1/2-1/2"]
[PlyCount "29"]
[EventDate "2007.06.30"]
[EventType "tourn"]
[EventRounds "13"]
[EventCountry "SWE"]
[Source "lmi"]
[SourceDate "2007.06.30"]
[WhiteElo "2209"]
[BlackElo "2200"]

1. e4 e6 2. d4 d5 3. Nc3 Bb4 4. e5 Qd7 5. a3 Bxc3+ 6. bxc3 b6 7. a4 Ba6 8. Bxa6
Nxa6 9. Qd3 Nb8 10. Nf3 Nc6 11. c4 dxc4 12. Qxc4 Nge7 13. O-O O-O 14. Qd3 Nb4
15. Qb3 1/2-1/2

[Event "Suecia ch 2007 Junior-SM"]
[Site "Stockholm SWE"]
[Date "2007.07.06"]
[Round "7"]
[White "Agrest, Inna"]
[Black "Blomqvist, Erik"]
[Result "1/2-1/2"]
[PlyCount "78"]
[EventDate "2007.06.30"]
[EventType "tourn"]
[EventRounds "13"]
[EventCountry "SWE"]
[Source "lmi"]
[SourceDate "2007.06.30"]
[WhiteElo "2085"]
[BlackElo "2313"]

1. e4 c5 2. Nf3 Nc6 3. d4 cxd4 4. Nxd4 Nf6 5. Nc3 d6 6. Bg5 e6 7. f4 Be7 8. Qd2
h6 9. Bxf6 Bxf6 10. Ndb5 O-O 11. Nxd6 e5 12. Nxc8 Rxc8 13. Qxd8 Rfxd8 14. f5
Nb4 15. Bd3 Nxd3+ 16. cxd3 Rxd3 17. Ke2 Rd4 18. Rhd1 b5 19. a3 a5 20. g3 Rdc4
21. Kf3 b4 22. axb4 axb4 23. Nd5 Rc2 24. h4 Rxb2 25. Rdb1 Rd2 26. Nxf6+ gxf6
27. Rxb4 Rd3+ 28. Kg4 h5+ 29. Kh3 Kg7 30. Ra2 Rcc3 31. Rg2 Re3 32. Kh2 Rcd3 33.
Ra4 Kf8 34. Ra8+ Kg7 35. Ra4 Rd4 36. Rxd4 exd4 37. Rd2 Rxe4 38. Kg2 Kf8 39. Kf3
Rg4 1/2-1/2

[Event "Suecia ch 2007 Junior-SM"]
[Site "Stockholm SWE"]
[Date "2007.07.06"]
[Round "7"]
[White "Lissang, Christopher"]
[Black "Vas, Peter"]
[Result "0-1"]
[PlyCount "60"]
[EventDate "2007.06.30"]
[EventType "tourn"]
[EventRounds "13"]
[EventCountry "SWE"]
[Source "lmi"]
[SourceDate "2007.06.30"]
[WhiteElo "2053"]
[BlackElo "2166"]

1. e4 e5 2. Nf3 Nf6 3. Nxe5 d6 4. Nf3 Nxe4 5. d4 d5 6. Bd3 Bd6 7. O-O O-O 8. c4
c6 9. Qc2 Na6 10. a3 f5 11. Nc3 Nc7 12. c5 Be7 13. Ne2 Ne6 14. Nf4 Bf6 15. Nxe6
Bxe6 16. Bf4 Qe8 17. Be5 Qh5 18. Rfe1 Rae8 19. Be2 Qh6 20. b4 a6 21. a4 Bd8 22.
Ra3 f4 23. Bd3 Bf5 24. Nd2 Nxd2 25. Bxf5 f3 26. Rae3 Bg5 27. Bxg7 Rxe3 28. fxe3
Bxe3+ 29. Kh1 f2 30. Rd1 Kxg7 0-1

[Event "Suecia ch 2007 Veteran-SM"]
[Site "Stockholm SWE"]
[Date "2007.07.06"]
[Round "3"]
[White "Malmdin, Nils-Ake"]
[Black "Akvist, Hakan"]
[Result "1/2-1/2"]
[PlyCount "53"]
[EventDate "2007.07.01"]
[EventCountry "SWE"]
[Source "lmi"]
[SourceDate "2007.06.30"]
[WhiteElo "2259"]
[BlackElo "2161"]

1. e4 e6 2. d4 d5 3. e5 c5 4. c3 Qb6 5. Nf3 Bd7 6. Bd3 Bb5 7. dxc5 Bxc5 8. b4
Bf8 9. O-O Bxd3 10. Qxd3 Nd7 11. Be3 Qc7 12. Nbd2 Ne7 13. Rac1 Nc6 14. Bd4 Rc8
15. Nb3 Be7 16. Rfe1 O-O 17. a3 Nb6 18. h4 Nc4 19. Ra1 b6 20. b5 N6a5 21. Nxa5
Nxa5 22. Rab1 Nc4 23. a4 h6 24. g3 Qd7 25. Qe2 Rc7 26. Kg2 Rfc8 27. Nh2 1/2-1/2

[Event "Suecia ch 2007 Veteran-SM"]
[Site "Stockholm SWE"]
[Date "2007.07.06"]
[Round "3"]
[White "Nordstrom, Felix"]
[Black "Kyhle, Bo"]
[Result "1/2-1/2"]
[PlyCount "84"]
[EventDate "2007.07.01"]
[EventCountry "SWE"]
[Source "lmi"]
[SourceDate "2007.06.30"]
[WhiteElo "2173"]
[BlackElo "2232"]

1. d4 e6 2. c4 f5 3. g3 Nf6 4. Bg2 Be7 5. Nf3 O-O 6. O-O d6 7. Nc3 Ne4 8. Qc2
Nxc3 9. Qxc3 a5 10. b3 Nc6 11. Bb2 Bf6 12. Rad1 Qe8 13. Qc2 e5 14. a3 e4 15.
Ne1 Bd7 16. d5 Ne5 17. Bd4 Ng4 18. Qc3 e3 19. f3 Nf2 20. Rc1 Bxd4 21. Qxd4 f4
22. Rxf2 exf2+ 23. Kxf2 Qe7 24. Nd3 Rae8 25. Nxf4 g5 26. Ne6 Bxe6 27. dxe6 Qxe6
28. Rc2 Qe5 29. Qd3 c6 30. b4 axb4 31. axb4 Rf6 32. Ra2 Qf5 33. Qc3 Rfe6 34.
Rd2 Qe5 35. Qxe5 Rxe5 36. e4 Rd8 37. f4 gxf4 38. gxf4 Ree8 39. Bf3 Kf8 40. Ke3
Re7 41. b5 cxb5 42. cxb5 Ra8 1/2-1/2

[Event "Suecia ch 2007 Veteran-SM"]
[Site "Stockholm SWE"]
[Date "2007.07.06"]
[Round "3"]
[White "Marklund, Gunnar"]
[Black "Nystrom, Ragnar"]
[Result "1/2-1/2"]
[PlyCount "131"]
[EventDate "2007.07.01"]
[EventCountry "SWE"]
[Source "lmi"]
[SourceDate "2007.06.30"]
[WhiteElo "2103"]
[BlackElo "2022"]

1. e4 e6 2. f4 d5 3. e5 c5 4. Nf3 Nc6 5. Be2 Bd7 6. O-O Qc7 7. Nc3 Be7 8. b3 f6
9. Bb5 O-O-O 10. Bxc6 Qxc6 11. Qe1 Nh6 12. a4 Rdf8 13. Ba3 Nf7 14. Kh1 f5 15.
Nb5 Kb8 16. d4 Rfg8 17. Qa5 Qb6 18. Qxb6 axb6 19. c4 dxc4 20. bxc4 Bc6 21. a5
bxa5 22. dxc5 g5 23. Nbd4 Nd8 24. fxg5 Bxg5 25. Bb2 Be3 26. Ra3 Bxd4 27. Bxd4
Be4 28. Rc1 Nc6 29. Bc3 Rg7 30. Bxa5 Nxa5 31. Rxa5 Rhg8 32. Ra3 Kc7 33. g3 Kc6
34. Kg1 Bxf3 35. Rxf3 Rd8 36. Rf4 Kxc5 37. Rh4 Rd4 38. Rh6 Re7 39. Kf2 Rxc4 40.
Rd1 Re4 41. Rd8 Rxe5 42. Rh8 b5 43. R6xh7 Rxh7 44. Rxh7 b4 45. Rb7 Kc4 46. h4
Rd5 47. h5 Rd2+ 48. Kf3 Rh2 49. Rb6 e5 50. h6 b3 51. Ke3 Kc3 52. Rc6+ Kb2 53.
Re6 Kc1 54. Rxe5 Rxh6 55. Rxf5 b2 56. Rb5 b1=Q 57. Rxb1+ Kxb1 58. g4 Ra6 59.
Kf4 Kc2 60. Kf5 Kd3 61. g5 Ra5+ 62. Kf6 Ke4 63. g6 Rf5+ 64. Ke7 Ke5 65. g7 Rg5
66. Kf7 1/2-1/2

[Event "Suecia ch 2007 Veteran-SM"]
[Site "Stockholm SWE"]
[Date "2007.07.06"]
[Round "3"]
[White "Andersson, Sven-Olof"]
[Black "Agrest, Roman"]
[Result "1/2-1/2"]
[PlyCount "37"]
[EventDate "2007.07.01"]
[EventCountry "SWE"]
[Source "lmi"]
[SourceDate "2007.06.30"]
[WhiteElo "2095"]
[BlackElo "2161"]

1. d4 Nf6 2. Nf3 b5 3. g3 Bb7 4. Bg2 e6 5. O-O c5 6. Bg5 h6 7. Bxf6 Qxf6 8. c3
Nc6 9. e4 d6 10. e5 dxe5 11. dxe5 Qd8 12. Nbd2 Qc7 13. Qe2 a6 14. a4 b4 15.
cxb4 Nxb4 16. Rac1 Be7 17. Nc4 O-O 18. Rfd1 Bd5 19. Ne1 1/2-1/2

[Event "Suecia ch 2007 SM-gruppen"]
[Site "Stockholm SWE"]
[Date "2007.07.08"]
[Round "8"]
[White "Akesson, Ralf"]
[Black "Brynell, Stellan"]
[Result "1/2-1/2"]
[PlyCount "81"]
[EventDate "2007.06.30"]
[EventType "tourn"]
[EventRounds "13"]
[EventCountry "SWE"]
[Source "lmi"]
[SourceDate "2007.06.30"]
[WhiteElo "2477"]
[BlackElo "2459"]

1. d4 e6 2. c4 Nf6 3. Nc3 Bb4 4. Qc2 O-O 5. a3 Bxc3+ 6. Qxc3 Ne4 7. Qc2 f5 8.
Nh3 d6 9. f3 Nf6 10. e3 e5 11. dxe5 dxe5 12. Nf2 a5 13. Bd2 c5 14. Bd3 g6 15.
O-O-O Nc6 16. Be2 Qe7 17. g4 Be6 18. Kb1 a4 19. h4 f4 20. h5 g5 21. Ne4 Nxe4
22. Qxe4 Rad8 23. exf4 gxf4 24. Bc3 Nd4 25. Bd3 Bc8 26. h6 Rf6 27. Rh5 Re6 28.
Be1 Rd7 29. Bh4 Qd6 30. Rg5+ Kf8 31. Re1 Nxf3 32. Rf5+ Ke8 33. Qxf3 Qxd3+ 34.
Qxd3 Rxd3 35. Rfxe5 Re3 36. R1xe3 fxe3 37. Rxc5 Bd7 38. Kc1 Re4 39. Be1 Bxg4
40. Kc2 Re6 41. Rg5 1/2-1/2

[Event "Suecia ch 2007 SM-gruppen"]
[Site "Stockholm SWE"]
[Date "2007.07.08"]
[Round "8"]
[White "Ong, Kezli"]
[Black "Lindberg, Bosse"]
[Result "0-1"]
[PlyCount "76"]
[EventDate "2007.06.30"]
[EventType "tourn"]
[EventRounds "13"]
[EventCountry "SWE"]
[Source "lmi"]
[SourceDate "2007.06.30"]
[WhiteElo "2236"]
[BlackElo "2361"]

1. e4 e5 2. Nf3 Nc6 3. Bb5 a6 4. Ba4 Nf6 5. O-O Be7 6. Re1 b5 7. Bb3 d6 8. c3
O-O 9. h3 Na5 10. Bc2 c5 11. d4 Nd7 12. Nbd2 exd4 13. cxd4 Nc6 14. d5 Nce5 15.
Nxe5 Nxe5 16. a4 Bd7 17. f4 Ng6 18. Nf3 Bh4 19. Rf1 Bg3 20. f5 Ne5 21. Nxe5
Bxe5 22. a5 Qh4 23. Qf3 Rfe8 24. Ra2 b4 25. b3 Bb5 26. Rd1 c4 27. bxc4 Bxc4 28.
Ra4 Rab8 29. Bd2 Bd4+ 30. Kh1 Bc5 31. Be1 Qf6 32. Qg4 Qb2 33. f6 Qxf6 34. e5
Qf1+ 35. Kh2 Bg1+ 36. Kg3 Rxe5 37. Be4 f5 38. Qf3 f4+ 0-1

[Event "Suecia ch 2007 SM-gruppen"]
[Site "Stockholm SWE"]
[Date "2007.07.08"]
[Round "8"]
[White "Berg, Emanuel"]
[Black "Hamark, Jesper"]
[Result "1/2-1/2"]
[PlyCount "127"]
[EventDate "2007.06.30"]
[EventType "tourn"]
[EventRounds "13"]
[EventCountry "SWE"]
[Source "lmi"]
[SourceDate "2007.06.30"]
[WhiteElo "2581"]
[BlackElo "2289"]

1. e4 e5 2. Nf3 Nc6 3. Bb5 a6 4. Ba4 d6 5. c3 f5 6. exf5 Bxf5 7. O-O Bd3 8. Re1
Be7 9. Bc2 Bxc2 10. Qxc2 Nf6 11. d4 e4 12. Nfd2 d5 13. f3 exf3 14. Nxf3 O-O 15.
Bg5 Ne4 16. Bxe7 Nxe7 17. Nbd2 Nxd2 18. Qxd2 Ng6 19. Ne5 Qd6 20. Qg5 Nxe5 21.
Rxe5 c6 22. Re7 Rf7 23. Rxf7 Kxf7 24. Re1 Rf8 25. g3 h6 26. Qg4 Kg8 27. Re6 Qd7
28. Qe2 Rf7 29. Re8+ Kh7 30. Qd3+ g6 31. Qe2 Qf5 32. Kg2 h5 33. h4 Qf6 34. a4
Qf5 35. Re5 Qf6 36. b4 Kg7 37. b5 axb5 38. axb5 Rc7 39. Re6 Qf5 40. Re3 Rf7 41.
Re5 Qb1 42. bxc6 bxc6 43. Re6 Ra7 44. Qe5+ Kh7 45. Re7+ Rxe7 46. Qxe7+ Kg8 47.
Qd8+ Kg7 48. Qc7+ Kh6 49. Qf4+ Kg7 50. Qe5+ Kh7 51. Qe2 Kg7 52. c4 Qf5 53. Qe7+
Kh6 54. Qe3+ Kg7 55. cxd5 Qxd5+ 56. Kh2 Kf6 57. Qf4+ Kg7 58. Kg1 Kh7 59. Qf6
Qe4 60. Kf2 Kg8 61. Qd8+ Kf7 62. Qd7+ Kf6 63. Qd6+ Kf7 64. Qd7+ 1/2-1/2

[Event "Suecia ch 2007 SM-gruppen"]
[Site "Stockholm SWE"]
[Date "2007.07.08"]
[Round "8"]
[White "Carlsson, Pontus"]
[Black "Lindberg, Bengt"]
[Result "1/2-1/2"]
[PlyCount "71"]
[EventDate "2007.06.30"]
[EventType "tourn"]
[EventRounds "13"]
[EventCountry "SWE"]
[Source "lmi"]
[SourceDate "2007.06.30"]
[WhiteElo "2480"]
[BlackElo "2443"]

1. e4 c5 2. Nf3 d6 3. d4 cxd4 4. Nxd4 Nf6 5. Nc3 a6 6. Bg5 e6 7. f4 Qb6 8. Qd2
Qxb2 9. Rb1 Qa3 10. f5 Nc6 11. fxe6 fxe6 12. Nxc6 bxc6 13. e5 dxe5 14. Bxf6
gxf6 15. Ne4 Qxa2 16. Rd1 Be7 17. Be2 O-O 18. O-O Ra7 19. Qh6 Rd7 20. Rf3 Rxd1+
21. Bxd1 Rf7 22. Rg3+ Kh8 23. Qh5 Qa5 24. Kf1 Qd8 25. Qxf7 Qxd1+ 26. Kf2 Qxc2+
27. Ke3 Bc5+ 28. Nxc5 Qxc5+ 29. Kf3 e4+ 30. Kxe4 Qc4+ 31. Ke3 Qc3+ 32. Ke2 Qc2+
33. Ke1 Qc1+ 34. Kf2 Qd2+ 35. Kf3 Qd3+ 36. Kf2 1/2-1/2

[Event "Suecia ch 2007 SM-gruppen"]
[Site "Stockholm SWE"]
[Date "2007.07.08"]
[Round "8"]
[White "Johansson, Jan"]
[Black "Hillarp Persson, Tiger"]
[Result "0-1"]
[PlyCount "72"]
[EventDate "2007.06.30"]
[EventType "tourn"]
[EventRounds "13"]
[EventCountry "SWE"]
[Source "lmi"]
[SourceDate "2007.06.30"]
[WhiteElo "2441"]
[BlackElo "2567"]

1. e4 c5 2. Nf3 e6 3. c3 Nf6 4. e5 Nd5 5. d4 cxd4 6. cxd4 d6 7. Bc4 Nc6 8. O-O
Be7 9. Nbd2 dxe5 10. dxe5 Nb6 11. Qe2 Nd4 12. Nxd4 Qxd4 13. Bd3 Bd7 14. Nf3 Qg4
15. h3 Qh5 16. Be4 Bc6 17. Bxc6+ bxc6 18. Be3 O-O 19. Rac1 Nd7 20. Bf4 c5 21.
Rc2 Qf5 22. Bc1 Nb6 23. b3 a5 24. Ba3 Nd5 25. Rc4 Rfd8 26. Bc1 a4 27. Rg4 axb3
28. axb3 h5 29. Rc4 Rab8 30. Qa2 Rb7 31. Bd2 Rdb8 32. Rb1 Qd3 33. Bg5 Bf8 34.
Re1 Rxb3 35. Rh4 Qg6 36. Kh2 Rxf3 0-1

[Event "Suecia ch 2007 SM-gruppen"]
[Site "Stockholm SWE"]
[Date "2007.07.08"]
[Round "8"]
[White "Karlsson, Lars"]
[Black "Furhoff, Johan"]
[Result "1-0"]
[PlyCount "97"]
[EventDate "2007.06.30"]
[EventType "tourn"]
[EventRounds "13"]
[EventCountry "SWE"]
[Source "lmi"]
[SourceDate "2007.06.30"]
[WhiteElo "2493"]
[BlackElo "2397"]

1. Nf3 d5 2. b3 Bg4 3. Bb2 Nd7 4. e3 Ngf6 5. Be2 e6 6. c4 c6 7. h3 Bh5 8. O-O
Bd6 9. Nc3 O-O 10. d4 Re8 11. Rc1 dxc4 12. bxc4 e5 13. c5 Bc7 14. Qb3 exd4 15.
exd4 Ba5 16. Bc4 Bxc3 17. Rxc3 Ne4 18. Re3 b5 19. Bd3 Bxf3 20. Rxf3 Ndf6 21.
Qc2 Ng5 22. Re3 Qd5 23. Re5 Rxe5 24. dxe5 Nd7 25. h4 Nxc5 26. Rd1 Nxd3 27. Rxd3
Qc4 28. Qxc4 bxc4 29. Rd6 Ne6 30. Rxc6 g5 31. Rxc4 Rd8 32. Bc1 h6 33. hxg5 hxg5
34. Bxg5 Rd1+ 35. Kh2 Kh7 36. Be3 a5 37. a4 Kg6 38. g4 Rd3 39. Kg2 Ra3 40. Kh2
Ng5 41. Rc6+ Ne6 42. Rc4 Ng5 43. Bxg5 Kxg5 44. Kg2 Rb3 45. Rc7 Rb4 46. Rxf7
Rxg4+ 47. Kf3 Rxa4 48. e6 Kg6 49. Rf8 1-0

[Event "Suecia ch 2007 Mästare Elit"]
[Site "Stockholm SWE"]
[Date "2007.07.08"]
[Round "8"]
[White "Marttala, Thomas"]
[Black "Glimbrant, Torbjorn"]
[Result "0-1"]
[PlyCount "78"]
[EventDate "2007.06.30"]
[EventType "tourn"]
[EventRounds "13"]
[EventCountry "SWE"]
[Source "lmi"]
[SourceDate "2007.06.30"]
[WhiteElo "2271"]
[BlackElo "2282"]

1. e4 c5 2. Nf3 d6 3. d4 cxd4 4. Nxd4 Nf6 5. Nc3 a6 6. f3 e6 7. Be3 Nc6 8. Qd2
Be7 9. O-O-O O-O 10. g4 Nxd4 11. Qxd4 b5 12. h4 Nd7 13. Be2 Rb8 14. g5 b4 15.
Na4 Qa5 16. b3 e5 17. Qd5 Qc7 18. Bc4 Bb7 19. Qd3 Bc6 20. h5 Bb5 21. Nb2 Nc5
22. Qe2 Ne6 23. Rhg1 Bxc4 24. Nxc4 f5 25. Qd3 f4 26. Qd5 fxe3 27. Qxe6+ Kh8 28.
Nxe3 Rbc8 29. Nc4 Rxf3 30. Kb1 Rf4 31. h6 g6 32. Rg2 Rcf8 33. Ne3 Rf2 34. Rxf2
Rxf2 35. Nc4 Bf8 36. Qe8 Kg8 37. Rxd6 Qe7 38. Qc8 Qxg5 39. Qe6+ Kh8 0-1